- Tünnermann Bernheim, Carlos,
Entry Nombre Personal
001 - NUMERO DE CONTROL
- campo de control: 30655
003 - IDENTIFICADOR DE NUMERO DE CONTROL
- campo de control: DLC
005 - FECHA Y HORA DE LA ÜLTIMA TRANSACCIÓN
- campo de control: 20220510084646.0
008 - DATOS DE LONGITUD FIJA
- campo de control de longitud fija: 220510n| azannaabn |a aaa
010 ## - NÚMERO DE CONTROL DE LA BIBLIOTECA DEL CONGRESO
- Número de control LC: n 80129071
- Número de Control LC Cancelado/inválido: n 2003056019
035 ## - NUMERO DE CONTROL
- Número de control: (OCoLC)oca00509469
040 ## - FUENTE DE CATALOGACIÓN
- Agencia original de catalogación: DLC
- Lenguaje de catalogación: spa
- Description conventions: rda
- Agencia de transcripción: DLC
- Agencia que lo modifica: TxU
- Agencia que lo modifica: OCoLC
- Agencia que lo modifica: NcD
- Agencia que lo modifica: DLC
- Agencia que lo modifica: CSt
- Agencia que lo modifica: UPB
- Agencia que lo modifica: MX-MxUPN
046 ## - FECHAS CON CODIFICACIÓN ESPECIAL
- Fecha de nacimiento: 1933-05-10
- Fuente del formato de fecha: edtf
100 1# - ENCABEZAMIENTO - NOMBRE PERSONAL
- Nombre personal: Tünnermann Bernheim, Carlos,
- Fechas asociadas con el nombre: 1933-
370 ## - LUGAR ASOCIADO
- Place of birth: Managua (Nicaragua)
- Fuente del término: naf
372 ## - CAMPO DE ACTIVIDAD
- Field of activity: Educación superior
374 ## - OCUPACIÓN
- Occupation: Abogado
- Occupation: Educador
- Occupation: Crítico literario
- Fuente del término: lcsh
375 ## - GÉNERO
- Gender: masculino
- Fuente del término: lcdgt
377 ## - LENGUA ASOCIADA
- Language code: spa
400 1# - VEÁSE - NOMBRE DE PERSONA
- Personal name: Tünnermann Blenheim, Carlos,
- Dates associated with a name: 1933-
400 1# - VEÁSE - NOMBRE DE PERSONA
- Control subfield: nnaa
- Personal name: Tunnermann Bernheim, Carlos
400 1# - VEÁSE - NOMBRE DE PERSONA
- Personal name: Bernheim, Carlos Tünnermann,
- Dates associated with a name: 1933-
400 1# - VEÁSE - NOMBRE DE PERSONA
- Personal name: Blenheim, Carlos Tünnermann,
- Dates associated with a name: 1933-
400 1# - VEÁSE - NOMBRE DE PERSONA
- Personal name: Tünnermann, Carlos,
- Dates associated with a name: 1933-
400 1# - VEÁSE - NOMBRE DE PERSONA
- Personal name: Tünnermann B., Carlos
- Fuller form of name: (Tünnermann Bernheim),
- Dates associated with a name: 1933-
670 ## - FUENTE EN LA QUE SE LOCALIZARON DATOS
- Cita de la fuente: En su obra: Algunos aspectos del estudio de las sociedades anónimas. Tesis, 1957.
670 ## - FUENTE EN LA QUE SE LOCALIZARON DATOS
- Cita de la fuente: En su obra: Estudios sobre la teoría de la universidad, 1983:
- Información localizada: portada (Carlos Tünnermann)
670 ## - FUENTE EN LA QUE SE LOCALIZARON DATOS
- Cita de la fuente: León Viejo y otros escritos, 1997:
- Información localizada: portada (Carlos Tünnermann B.)
670 ## - FUENTE EN LA QUE SE LOCALIZARON DATOS
- Cita de la fuente: Rubén Darío, 2003:
- Información localizada: portada (Carlos Tünnermann Bernheim) solapa (b. May 10, 1933 in Managua; lawyer and educator; specialist in higher education; also writes literary criticism)
902 ## - CATALOGADOR
- Catalogador: NDAF/220510
